Statistics for Wonky Word Clicking - W - #2

Click here to take the quiz!

General Stats

  • This quiz has been taken 90 times
  • The average score is 11 of 15

Answer Stats

HintAnswer% Correct
Willy-nilly
97%
Whippersnapper
97%
Wriggler
93%
Whippet
93%
Whimsical
93%
Wazoo
88%
Wheedle
84%
Woebegone
76%
Woolly-headed
73%
Waggish
72%
Wassailry
67%
Wampum
63%
Whey-face
52%
Wafflestomper
48%
Whigmaleerie
27%

Score Distribution

Percentile by Number Answered

Percent of People with Each Score

Your Score History

You have not taken this quiz